00533nam a2200157Ia 4500008004100000040001600041041001200057082001800069100002100087245004200108260004800150300001500198942000700213952013600220999001900356230917s9999||||xx |||||||||||||| ||und|| e48834aMAIN aEnglish a822.33 S15G:S aGoldman, Michael 0aShakespeare and the energies of drama aPrincetonbPrinceton University Pressc1972 aix, 176 p. cBK 0010406822_330000000000000_S15GS709242629aMAINbMAINd2002-12-04l0o822.33 S15G:Sp26537r2023-09-17 21:34:34w2023-09-17yBK c148805d148805